000 00698nam a2200205 i 4500
001 70805
003 ES-MaACL
005 20250712081854.0
007 t|
008 040803s1958 sp ||||1| spa d
100 1 _aGarrido Espinosa, Francisco.
_955699
245 1 0 _aReacción del pentafloruro de fósforo B-pentatecil-galaetosa B-halogenosas... /
_cFranciso Garrido Espinosa.
260 _aSalamanca :
_bUniversidad de Salamanca,
_c1958 (
_fBermejo)
300 _a53 p. :
_bil. ;
_c25 cm.
490 1 _aActa Salmanticensia
710 2 _aUniversidad de Salamanca.
_97275
830 0 0 _aActa Salmanticensia
_9181394
852 _aES-MaACL
_jC-19195
_bR.44539
999 _c70805
_d70805